Single cell oils
Gardado en:
| Main Authors: | , |
|---|---|
| Formato: | Libro |
| Idioma: | inglés |
| Publicado: |
Champaign
AOCS
2005
|
| Subjects: | |
| Tags: |
Engadir etiqueta
Sen Etiquetas, Sexa o primeiro en etiquetar este rexistro!
|
MARC
| LEADER | 00000nam a2200000 a 4500 | ||
|---|---|---|---|
| 001 | UCK7623 | ||
| 003 | CL-VaPUC | ||
| 008 | 051202e20050000US |||||||||||||||||eng|d | ||
| 020 | |a 1893997804 | ||
| 082 | 0 | 4 | |a 664.3 |b COH |2 21 |
| 100 | 0 | |a Cohen, Zvi |e author |9 497131 | |
| 700 | 0 | |a Ratledge, Colin |e author |9 497132 | |
| 245 | 1 | 0 | |a Single cell oils |
| 300 | |a 257 p | ||
| 942 | |c BK | ||
| 945 | |d 20051202 00:00:00 |a cmena | ||
| 260 | |a Champaign |b AOCS |c 2005 | ||
| 650 | 7 | |a GRASAS |2 CL-VaPUC |9 375407 | |
| 650 | 7 | |a INGENIERIA QUIMICA |2 CL-VaPUC |9 8 | |
| 650 | 0 | |a Bioquímica |9 259492 | |
| 650 | 0 | |a Microorganismos |9 264259 | |
| 583 | |a last modification |c 20051202 00:00:00 |k Rodrigo Vera | ||
| 999 | |c 315475 |d 315473 | ||
| 952 | |0 0 |1 0 |4 0 |6 664_300000000000000_COH_2005 |7 0 |8 A |9 388773 |a BIBING |b BIBING |d 2019-11-22 |i 4188888 |o 664.3 COH 2005 |p 4188888 |r 2025-01-20 |w 2019-11-22 |y BK |k EIB | ||